Groundwork of Theology / (Record no. 715)
| 000 -LEADER | |
|---|---|
| fixed length control field | 00725nam a22001937a 4500 |
| 003 - CONTROL NUMBER IDENTIFIER | |
| control field | OSt |
| 005 - DATE AND TIME OF LATEST TRANSACTION | |
| control field | 20140116120836.0 |
| 008 - FIXED-LENGTH DATA ELEMENTS--GENERAL INFORMATION | |
| fixed length control field | 111027t xxu||||| |||| 00| 0 eng d |
| 020 ## - INTERNATIONAL STANDARD BOOK NUMBER | |
| International Standard Book Number | 9780716204060 |
| 040 ## - CATALOGING SOURCE | |
| Language of cataloging | English |
| Transcribing agency | Loc |
| 050 ## - LIBRARY OF CONGRESS CALL NUMBER | |
| Classification number | BL51 .S73 1984 |
| 100 ## - MAIN ENTRY--PERSONAL NAME | |
| Personal name | Stacey, John. |
| 245 ## - TITLE STATEMENT | |
| Title | Groundwork of Theology / |
| Statement of responsibility, etc | John Stacey |
| 260 ## - PUBLICATION, DISTRIBUTION, ETC. (IMPRINT) | |
| Place of publication, distribution, etc | London |
| Name of publisher, distributor, etc | Epworth Press |
| Date of publication, distribution, etc | 1984 |
| 300 ## - PHYSICAL DESCRIPTION | |
| Extent | ix,324p.; |
| 504 ## - BIBLIOGRAPHY, ETC. NOTE | |
| Bibliography, etc | Includes bibliographic references and Index |
| 505 ## - FORMATTED CONTENTS NOTE | |
| Formatted contents note | Religion and theology---Christian theology---Theology and Living---God---Jesus christ---The death and resurrection of Jesus Christ ---The holy spirit and the trinity---Humanity and its Salvation---The kingdom of God---The church. |
| 942 ## - ADDED ENTRY ELEMENTS (KOHA) | |
| Source of classification or shelving scheme | |
| Koha item type | Book |
| Withdrawn status | Lost status | Source of classification or shelving scheme | Damaged status | Not for loan | Home library | Current library | Shelving location | Date acquired | Total Checkouts | Full call number | Barcode | Date last seen | Date checked out | Copy number | Price effective from | Koha item type |
|---|---|---|---|---|---|---|---|---|---|---|---|---|---|---|---|---|
| Riara University Library | Riara University Library | General stack | 27/10/2011 | 6 | BL51 .S73 1984 | 2879/11 | 23/07/2025 | 19/03/2024 | C.1 | 27/10/2011 | Book | |||||
| Riara University Library | Riara University Library | General stack | 27/10/2011 | 5 | BL51 .S73 1984 | 2880/11 | 10/03/2014 | 16/01/2014 | C.2 | 27/10/2011 | Book | |||||
| Riara University Library | Riara University Library | General stack | 27/10/2011 | 2 | BL51 .S73 1984 | 2881/11 | 19/09/2013 | 26/08/2013 | C.3 | 27/10/2011 | Book |
